| 000 | 00633nam a2200229Ia 4500 | ||
|---|---|---|---|
| 003 | OSt | ||
| 005 | 20221007071057.0 | ||
| 006 | a|||||r|||| 00| 0 | ||
| 007 | ta | ||
| 008 | 221006b |||||||| |||| 00| 0 eng d | ||
| 024 | _a24,072 | ||
| 037 | _cTextual | ||
| 040 |
_aFLL _cFLL _beng |
||
| 041 |
_2eng _aeng |
||
| 082 | _aZ2:211:45, H2 | ||
| 100 | _aAggarawala Om Prakash | ||
| 245 | 0 | _aCompulsory acquisition of land in British India. | |
| 260 |
_aLahore _bS.D. Khanna India _c1942 |
||
| 300 |
_ali,1-981p _ccm. |
||
| 942 |
_hZ2:211:45, H2 _cTEXL _2CC |
||
| 999 |
_c1142380 _d1142380 |
||